<?xml version="1.0" encoding="UTF-8"?>
<record
    xmlns:xsi="http://www.w3.org/2001/XMLSchema-instance"
    xsi:schemaLocation="http://www.loc.gov/MARC21/slim http://www.loc.gov/standards/marcxml/schema/MARC21slim.xsd"
    xmlns="http://www.loc.gov/MARC21/slim">

  <leader>00898aab a2200193 i 4500</leader>
  <controlfield tag="001">768714001</controlfield>
  <controlfield tag="003">CO-MdFUSB</controlfield>
  <controlfield tag="005">20240423112434.0</controlfield>
  <controlfield tag="008">240423t    1998ag ||||| |||| 00| 0 spa d</controlfield>
  <datafield tag="040" ind1=" " ind2=" ">
    <subfield code="b">spa</subfield>
    <subfield code="c">CO-MdFUSB</subfield>
  </datafield>
  <datafield tag="041" ind1=" " ind2=" ">
    <subfield code="a">spa</subfield>
  </datafield>
  <datafield tag="100" ind1="1" ind2=" ">
    <subfield code="a">Ramos, David</subfield>
    <subfield code="e">autor</subfield>
  </datafield>
  <datafield tag="245" ind1="1" ind2="0">
    <subfield code="a">Adoraci&#xF3;n y Calidad de Vida</subfield>
    <subfield code="c">/ David Ramos</subfield>
  </datafield>
  <datafield tag="300" ind1=" " ind2=" ">
    <subfield code="a">Volumen 17, n&#xFA;mero 2 (abril - julio, 1998), p&#xE1;gina: 39</subfield>
    <subfield code="c">; 27 cm</subfield>
  </datafield>
  <datafield tag="520" ind1=" " ind2=" ">
    <subfield code="a">Los cristianos deben reflexionar sobre sus pr&#xE1;cticas lit&#xFA;rgicas y su adoraci&#xF3;n como Dios, y la Biblia proporciona dos ocasiones en las que ambas son importantes: un tiempo de celebraci&#xF3;n comunitaria y cr&#xED;tica prof&#xE9;tica cuando este culto se convierte en algo m&#xE1;s que un simple servicio externo a Dios.</subfield>
  </datafield>
  <datafield tag="650" ind1="1" ind2="4">
    <subfield code="a">LITURGIA</subfield>
  </datafield>
  <datafield tag="773" ind1="0" ind2=" ">
    <subfield code="t">Iglesia y Misi&#xF3;n</subfield>
    <subfield code="0">49402</subfield>
    <subfield code="9">59634</subfield>
    <subfield code="g">Volumen 17, n&#xFA;mero 2 (abril - julio, 1998), p&#xE1;gina: 39</subfield>
    <subfield code="q">p&#xE1;gina: 39</subfield>
  </datafield>
  <datafield tag="942" ind1=" " ind2=" ">
    <subfield code="c">ANA</subfield>
  </datafield>
  <datafield tag="999" ind1=" " ind2=" ">
    <subfield code="c">52309</subfield>
    <subfield code="d">52309</subfield>
  </datafield>
</record>
